000
00291nam a22001337a 4500
082
_a
494
_b
VAM/S
100
_a
SHASTHREE,DHARMAPAL
100
_a
VAMSHEEDHAR
245
_a
SUGAM HINDI VYAKARAN
260
_a
DELHI
_b
SHIKSHA BHARATHY
300
_a
192
650
_a
GRAMMAR
_z
DELHI
942
_c
BK
999
_c
4471
_d
4471